000
00207nmm a2200085Ia 4500
008
150209s2015||||xx |||||||||||||||||und||
100
_a
KULKARNI,NEETA
245
_a
CLINICAL ANATOMY FOR STUDENTS
942
_2
ddc
_c
CD
999
_c
5940
_d
5940